Normal view
MARC view
Entry Personal Name
001 - CONTROL NUMBER
- control field: 34956
003 - CONTROL NUMBER IDENTIFIER
- control field: dpl
005 - DATE AND TIME OF LATEST TRANSACTION
- control field: 20110928103726.0
008 - FIXED-LENGTH DATA ELEMENTS
- fixed length control field: 110928|||a|||||| | ||| d
040 ## - CATALOGING SOURCE
- Original cataloging agency: dpl
- Transcribing agency: dpl
100 ## - HEADING--PERSONAL NAME
- Personal name: Theraja, B.l.
670 ## - SOURCE DATA FOUND
- Source citation: Work cat.: (dpl)57087: Theraja, B.l. , A textbook of electrical technology /, 1998(repr.).
670 ## - SOURCE DATA FOUND
- Source citation: Work cat.: (dpl)57087: Theraja, B.l. , A textbook of electrical technology /, 1998(repr.).
